000 00612nam a22002057a 4500
003 0
005 20241011123412.0
008 241011b xxu||||| |||| 00| 0 eng d
020 _a9780367424435
050 _aGV 1782.5
_b.D38 2024
100 _aDavies, Jenefer,
_eauthor.
245 _aThe art of dance composition :
_bwriting the body /
_cJenefer Davies.
260 _aNew York :
_bRoutledge,
_c2024.
300 _axi, 182 p. :
_bcol. ill. ;
_c23 cm.
504 _aIncludes bibliographical references and index.
650 _aChoreography.
650 _aModern dance.
650 _aDance.
942 _2lcc
_cBK
999 _c366509
_d366509